Modern Construction Management / (Record no. 2530)
[ view plain ]
| 000 -LEADER | |
|---|---|
| fixed length control field | 01549nac a22002771u 4500 |
| 008 - FIXED-LENGTH DATA ELEMENTS--GENERAL INFORMATION | |
| fixed length control field | 081116s2006enk|||||r|||| 001 0 eng d |
| 010 ## - LIBRARY OF CONGRESS CONTROL NUMBER | |
| LC control number | 2006001288 |
| 020 ## - INTERNATIONAL STANDARD BOOK NUMBER | |
| International Standard Book Number | 9781405133258 (pbk. : alk. paper) |
| 020 ## - INTERNATIONAL STANDARD BOOK NUMBER | |
| International Standard Book Number | 1405133252 (pbk. : alk. paper) |
| 082 00 - DEWEY DECIMAL CLASSIFICATION NUMBER | |
| Classification number | 624.068 |
| Item number | HAR |
| Edition number | 22 |
| 100 ## - MAIN ENTRY--PERSONAL NAME | |
| Personal name | Harris, Frank, |
| 9 (RLIN) | 12937 |
| 245 10 - TITLE STATEMENT | |
| Title | Modern Construction Management / |
| Statement of responsibility, etc | Frank Harris and Ronald McCaffer with Francis Edum-Fotwe. |
| 250 ## - EDITION STATEMENT | |
| Edition statement | 6th ed. |
| 260 ## - PUBLICATION, DISTRIBUTION, ETC. (IMPRINT) | |
| Place of publication, distribution, etc | Oxford, UK ; |
| -- | Malden, MA : |
| Name of publisher, distributor, etc | Blackwell, 2006 |
| Date of publication, distribution, etc | 2006. |
| 300 ## - PHYSICAL DESCRIPTION | |
| Extent | 665p.: |
| Other physical details | ill. ; |
| Dimensions | 25 cm. |
| 504 ## - BIBLIOGRAPHY, ETC. NOTE | |
| Bibliography, etc | Includes bibliographical references(p.644-653) and index. |
| 650 #0 - SUBJECT ADDED ENTRY--TOPICAL TERM | |
| Topical term or geographic name as entry element | Construction industry |
| General subdivision | Management. |
| 9 (RLIN) | 12938 |
| 700 1# - ADDED ENTRY--PERSONAL NAME | |
| Personal name | McCaffer, Ronald. |
| 9 (RLIN) | 12939 |
| 700 1# - ADDED ENTRY--PERSONAL NAME | |
| Personal name | Edum-Fotwe, Francis. |
| 9 (RLIN) | 12940 |
| 856 41 - ELECTRONIC LOCATION AND ACCESS | |
| Materials specified | Table of contents only |
| Uniform Resource Identifier | <a href="http://www.loc.gov/catdir/toc/ecip066/2006001288.html">http://www.loc.gov/catdir/toc/ecip066/2006001288.html</a> |
| 942 ## - ADDED ENTRY ELEMENTS (KOHA) | |
| Item type | Book - Borrowing |
| Call number prefix | 624.068HAR |
| Source of classification or shelving scheme | Dewey Decimal Classification |
| Withdrawn status | Item status | Damaged status | Not for loan | Home library | Current library | Shelving location | Date acquired | Source of acquisition | Total Checkouts | Total Renewals | Full call number | Barcode | Date last seen | Date last borrowed | Koha item type | Source of classification or shelving scheme | Vendor |
|---|---|---|---|---|---|---|---|---|---|---|---|---|---|---|---|---|---|
| Central Library | Central Library | First floor | 22/02/2007 | Purchase | 5 | 21 | 624.068 HAR | 000001508 | 15/07/2025 | 13/10/2015 | Book - Borrowing | ||||||
| Central Library | Central Library | First floor | 16/11/2008 | Purchase | 2 | 624.068 HAR | 000014125 | 15/07/2025 | 10/12/2009 | NB - Book (Non borrowing) | Dewey Decimal Classification | ||||||
| Central Library | Central Library | First floor | 21/03/2010 | 1 | 3 | 624.068 HAR | 000020298 | 15/07/2025 | 10/10/2013 | Book - Borrowing | Dewey Decimal Classification | Baccah | |||||
| Central Library | Central Library | First floor | 21/03/2010 | 1 | 624.068 HAR | 000010181 | 15/07/2025 | 21/09/2011 | Book - Borrowing | Dewey Decimal Classification | Baccah |